00289nam a2200109Ia 4500008004100000100001600041245005000057250000900107260004700116300000800163650000800171191201s2011 xx 000 0 und d aSHARMA, A.M 0aAspects of Labour Welfare and Social Security a10th aN.DelhibHimalaya Publication House c2011 a367 aMBA